مكتبة جامعة عجلون الوطنية

فهرس بحث المكتبة

Williams' basic nutrition and diet therapy / (Record no. 33617)

MARC details
000 -LEADER
fixed length control field 02124cam a2200397 i 4500
001 - CONTROL NUMBER
control field 18968386
003 - CONTROL NUMBER IDENTIFIER
control field JO-AjAnu
005 - DATE AND TIME OF LATEST TRANSACTION
control field 20240805122849.0
008 - FIXED-LENGTH DATA ELEMENTS--GENERAL INFORMATION
fixed length control field 160208s2017 mou b 001 0 eng
010 ## - LIBRARY OF CONGRESS CONTROL NUMBER
LC control number 2016006019
020 ## - INTERNATIONAL STANDARD BOOK NUMBER
International Standard Book Number 9780323377317 (pbk. : alk. paper)
035 ## - SYSTEM CONTROL NUMBER
System control number (DNLM)101676424
040 ## - CATALOGING SOURCE
Original cataloging agency DNLM/DLC
Transcribing agency DLC
Description conventions rda
Modifying agency DLC
-- JO-AjAnu
042 ## - AUTHENTICATION CODE
Authentication code pcc
050 00 - LIBRARY OF CONGRESS CALL NUMBER
Classification number RM216
Item number .W6865 2022
060 10 - NATIONAL LIBRARY OF MEDICINE CALL NUMBER
Classification number WB 400
082 00 - DEWEY DECIMAL CLASSIFICATION NUMBER
Classification number 615.8/54
Edition number 23
100 1# - MAIN ENTRY--PERSONAL NAME
Personal name Nix, Staci,
Relator term author.
245 10 - TITLE STATEMENT
Title Williams' basic nutrition and diet therapy /
Statement of responsibility, etc. Staci Nix, MS, RD, CD, Assistant Professor, Lecturer, Department of Nutrition and Integrative Physiology, Adjunct Faculty, School of Medicine, University of Utah, Salt Lake City, Utah.
246 1# - VARYING FORM OF TITLE
Title proper/short title Basic nutrition and diet therapy
250 ## - EDITION STATEMENT
Edition statement 16th edition.
264 #1 - PRODUCTION, PUBLICATION, DISTRIBUTION, MANUFACTURE, AND COPYRIGHT NOTICE
Place of production, publication, distribution, manufacture St. Louis, Missouri :
Name of producer, publisher, distributor, manufacturer Elsevier/Lecturer,
Date of production, publication, distribution, manufacture, or copyright notice [2017]
300 ## - PHYSICAL DESCRIPTION
Extent xviii, 507 pages ;
Dimensions 28 cm
336 ## - CONTENT TYPE
Content type term text
Source rdacontent
337 ## - MEDIA TYPE
Media type term unmediated
Source rdamedia
338 ## - CARRIER TYPE
Carrier type term volume
Source rdacarrier
504 ## - BIBLIOGRAPHY, ETC. NOTE
Bibliography, etc. note Includes bibliographical references and index.
505 0# - FORMATTED CONTENTS NOTE
Formatted contents note Food, nutrition, and health -- Carbohydrates -- Fats -- Proteins -- Digestion, absorption, and metabolism -- Energy balance -- Vitamins -- Minerals -- Water balance -- Nutrition during pregnancy and lactation -- Nutrition in infancy, childhood, and adolescence -- Nutrition for adults : the early, middle, and later years -- Community food supply and health -- Food habits and cultural patterns -- Weight management -- Nutrition and physical fitness -- Nutrition care -- Gastrointestinal and accessory organ problems -- Coronary heart disease and hypertension -- Diabetes mellitus -- Kidney disease -- Surgery and nutrition support -- Nutrition support in cancer and AIDS.
650 12 - SUBJECT ADDED ENTRY--TOPICAL TERM
Topical term or geographic name entry element Diet Therapy
650 22 - SUBJECT ADDED ENTRY--TOPICAL TERM
Topical term or geographic name entry element Nutritional Physiological Phenomena
650 22 - SUBJECT ADDED ENTRY--TOPICAL TERM
Topical term or geographic name entry element Nutritional Requirements
650 22 - SUBJECT ADDED ENTRY--TOPICAL TERM
Topical term or geographic name entry element Food Habits
906 ## - LOCAL DATA ELEMENT F, LDF (RLIN)
a 7
b cbc
c orignew
d 1
e ecip
f 20
g y-gencatlg
942 ## - ADDED ENTRY ELEMENTS (KOHA)
Source of classification or shelving scheme Library of Congress Classification
Koha item type Books
Suppress in OPAC No
Holdings
Withdrawn status Lost status Source of classification or shelving scheme Damaged status Not for loan Home library Current library Date acquired Total Checkouts Full call number Barcode Date last seen Price effective from Koha item type
    Library of Congress Classification     مكتبة جامعة عجلون الوطنية مكتبة جامعة عجلون الوطنية 05/08/2024   RM216.W6865 2022 e3838 05/08/2024 05/08/2024 Books
    Library of Congress Classification     مكتبة جامعة عجلون الوطنية مكتبة جامعة عجلون الوطنية 05/08/2024   RM216.W6865 2022 e3837 05/08/2024 05/08/2024 Books